| 000 -LEADER |
| fixed length control field |
00479cas a2200145Ka 4500 |
| 040 ## - CATALOGING SOURCE |
| Transcribing agency |
WIH |
| 082 ## - DEWEY DECIMAL CLASSIFICATION NUMBER |
| Classification number |
630 WIS 1995 A083 Or. |
| 245 00 - TITLE STATEMENT |
| Title |
Aquaculture directory. |
| 260 ## - PUBLICATION, DISTRIBUTION, ETC. (IMPRINT) |
| Place of publication |
Madison, WI : |
| Name of publisher |
Wisconsin Dept. of Agriculture, Trade and Consumer Protection, Division of Marketing, Agricultural Development and Diversification, |
| Year of publication |
[1995] |
| 300 ## - PHYSICAL DESCRIPTION |
| Number of Pages |
1 v. : |
| Other physical details |
ill., maps ; |
| Dimensions |
28 cm. |
| 650 #0 - SUBJECT ADDED ENTRY--TOPICAL TERM |
| Topical Term |
Aquaculture |
| 650 #0 - SUBJECT ADDED ENTRY--TOPICAL TERM |
| Topical Term |
Aquaculture industry |
| 710 1# - ADDED ENTRY--CORPORATE NAME |
| Corporate name or jurisdiction name as entry element |
Wisconsin. |
| 942 ## - ADDED ENTRY ELEMENTS (KOHA) |
| Koha item type |
សៀវភៅភាសាអង់គ្លេស |
| 952 ## - LOCATION AND ITEM INFORMATION (KOHA) |
| Withdrawn status [LOCAL, KOHA] |
0 |